=LDR 00000nam 2200000 4500 =001 INLIS000000000810252 =005 20251120013428 =035 ##$$a 0010-1125000106 =007 ta =008 251120###########################0###### =020 ##$$a 9789799662842 =082 ##$$a 297.3 =084 ##$$a 297.3 YAZ p =245 ##$$a Prinsip Dasar Islam : $b Menurut Al Qur an dan Sunnah /$c Yazid bin Abdul Qadir Jawaz =250 ##$$a Cet. 23 =260 ##$$a Bogor :$b Pustaka At-Taqwa,$c 2019 =300 ##$$a 282 hlm ; $c 16 cm